000 00705nam a2200229 i 4500
001 31136
003 ES-MaACL
005 20230906154323.0
007 t|
008 030128s1988 sp ||||1| spa d
020 _a84-297-2768-X
100 1 _aBen Jelloun, Tahar.
_927410
245 1 3 _aLa noche sagrada
_b: Premio Goncourt 1987 /
_cTahar Ben Jelloun ; traducción de Alberto Clavería.
250 _a1ª ed.
260 _aBarcelona :
_bPenínsula,
_c1988.
300 _a174 p. ;
_c19 cm.
490 1 _aPenínsula. Narrativa ;
_v10
700 1 _aClavería, Alberto.
_939126
830 0 _aPenínsula. Narrativa ;
_v10
_9181379
852 _aES-MaACL
_jL-12808
_bR.116213
999 _c31136
_d31136